Cándido Portinari

Saved in:
Bibliographic Details
Main Author: Aquino, Flavio de (Author)
Format: Book
Language:Spanish
Published: Buenos Aires Codex 1965
Series:Pinacoteca de los Genios, 83
Subjects:
Tags: Add Tag
No Tags, Be the first to tag this record!

MARC

LEADER 00000nam a2200000 a 4500
001 UCM1849
003 CL-VaPUC
008 020412e19650000AG |||||||||||||||||spa|d
082 0 4 |a 759.06  |b AQU  |2 21 
100 0 |a Aquino, Flavio de  |e author  |9 468779 
245 1 0 |a Cándido Portinari 
300 |a 16 p 
942 |c BK 
945 |d 20020412 00:00:00  |a cmena 
260 |a Buenos Aires  |b Codex  |c 1965 
600 0 7 |a PORTINARI, CANDIDO  |2 CL-VaPUC  |9 468780 
650 0 |a Pintura realista  |9 468781 
650 0 |a Obras ilustradas  |9 265022 
651 0 |a Brasil  |9 267393 
583 |a last modification  |c 20020412 00:00:00  |k Rodrigo Vera 
490 0 |a Pinacoteca de los Genios, 83 
999 |c 300078  |d 300076 
952 |0 0  |1 0  |2 ddc  |4 0  |6 759_060000000000000_AQU_1965  |7 0  |8 A  |9 357364  |a BIBART  |b BIBART  |d 2019-11-21  |i 3807487  |o 759.06 AQU 1965  |p 3807487  |r 2025-03-13  |w 2019-11-21  |y BK  |k ART